000
00306nam a2200133Ia 4500
100
_a
Bhattacharya/ & others
942
_c
BK
654
_a
electronics
245
_a
Industrial electronics & Controls
260
_b
Tata Mc Graw hill
_a
New Delhi
_c
1995
300
_a
649
546
_a
ENGLISH
999
_c
26097
_d
26097